The Physical Universe
Na minha lista:
| Main Authors: | , |
|---|---|
| Formato: | Livro |
| Idioma: | inglês |
| Publicado em: |
New York:
McGraw-Hill,
1991.
|
| Edição: | 6. ed. |
| Assuntos: | |
| Acesso em linha: | View in OPAC |
| Tags: |
Sem tags, seja o primeiro a adicionar uma tag!
|
MARC
| LEADER | 00000nam a22000001i 4500 | ||
|---|---|---|---|
| 001 | vtls009638797 | ||
| 003 | VRT | ||
| 005 | 20260127134425.0 | ||
| 008 | 090724s1991 US o r 001 eng d | ||
| 020 | |a 0070355835 | ||
| 035 | |a (SVKBBclas03)vtls000013912 | ||
| 040 | |a SVKBB |b slo |c SK-BrSCK |e AACR2 | ||
| 041 | 1 | |a eng | |
| 080 | |a 53(0.063) | ||
| 090 | |a B 28353 | ||
| 100 | 1 | |a Krauskopf, Konrad B. | |
| 245 | 0 | 4 | |a The Physical Universe |c Konrad B. Krauskopf, Arthur Beiser |
| 250 | |a 6. ed. | ||
| 260 | |a New York: |b McGraw-Hill, |c 1991. | ||
| 300 | |a 23, 755 s. |b Reg., tab., fotogr., sch. | ||
| 653 | |a fyzika - výklady populárno-náučné. | ||
| 700 | 1 | |a Beiser, Arthur. |4 aut. | |
| 942 | |2 udc |c 12 | ||
| 949 | |6 2889007208 |a savukV 39485 | ||
| 949 | |6 270001000047176 |a svkbbB 28353 |p 584.049 | ||
| 949 | |6 0124104151 |a lmaoskZF 24854 |b lmaoskZF684/94 |o [ZF] <Vk> |p ŠPEC. FOND |r Pozor! Obmedzená výpožičná doba. | ||
| 999 | |c 12451 |d 12451 | ||